| 000 | 00674nam a2200229 a 4500 | ||
|---|---|---|---|
| 008 | |||
| 020 | _a0198576129 | ||
| 049 | _aMAIN | ||
| 090 | _aGN281 | ||
| 245 | 0 | 0 |
_aHuman origins / _cedited by John R. Durant. |
| 260 | 0 |
_aOxford : _bClarendon Press ; _aNew York : _bOxford University Press, _c1989. |
|
| 300 |
_aviii, 147 p. : _bill. ; _c25 cm. |
||
| 504 | _aIncludes bibliographical references. | ||
| 500 | _aIncludes Index. | ||
| 650 | 0 | _aHuman evolution. | |
| 700 | 1 | 0 | _aDurant, John R. |
| 907 |
_a.b10078174 _b19-06-03 _c19-06-03 |
||
| 003 | |||
| 005 | 20230123133302.0 | ||
| 040 | _cNUST | ||
| 942 |
_cBOOKS _kGN281 |
||
| 999 |
_c145950 _d145950 |
||